000 00974nam a2200301 a 4500
001 000013092
003 DO-SdBNP
005 20250129091751.0
007 ta
008 091120s1981 dr a 000 j spa d
040 _aDO-SdBNP
_bspa
_cBNPHU
_erda
041 _hspa
082 _aRD863.44
_bS787c
_222
100 1 _aStanley, Avelino,
_d1959-
_eautor
_91536
245 1 0 _aCuentos :
_bprimera obra narrativa de autores romanenses /
_cAvelino Stanley, Miguel Ángel Gómez.
264 _aSanto Domingo :
_bTaller,
_c1981.
300 _a55 p.áginas :
_bilustraciones ;
_c20 cm.
336 _ardacontent
_btexto
_2txt
337 _ardamedia
_bsin mediación
_2n
338 _ardacarrier
_bvolumen
_2nc
500 _aIncluye datos biográficos del autor en la contracubierta
590 _aInventariado, 2025/DG
650 0 _aCuentos dominicanos
_9176
650 0 _aLiteratura dominicana.
_967
700 1 _aGómez, Miguel Ángel
_923560
910 _aDG
942 _2ddc
_cLBS1
999 _c12734
_d12734